|
|
|
|
| LEADER |
00000nam a2200000 a 4500 |
| 001 |
vtls010115109 |
| 003 |
SK-MaSNL |
| 005 |
20260301091451.0 |
| 008 |
240315s2010 xr oab g f 001 0 cze |
| 020 |
|
|
|a 9788025604250
|q (brož.)
|
| 040 |
|
|
|a SNK
|b slo
|c SNK
|e AACR2
|
| 041 |
1 |
|
|a cze
|h eng
|
| 043 |
|
|
|a nwcu---
|
| 044 |
|
|
|a xr
|c CZ
|
| 072 |
|
7 |
|a 913(7)
|x Geografia Severnej Ameriky, reálie, cestovanie
|2 konspekt
|
| 080 |
|
|
|a 913(729.1)
|2 2001
|
| 080 |
|
|
|a (036)913
|2 2001
|
| 100 |
1 |
|
|a Sainsbury, Brendan
|4 aut
|9 348076
|
| 240 |
1 |
0 |
|a Cuba
|l Česky
|
| 245 |
1 |
0 |
|a Kuba
|c Brendan Sainsbury ; [překlad Martin Kolář, Daniela Orlando, Erika Stařecká]
|
| 250 |
|
|
|a 2. české vyd.
|
| 260 |
|
|
|a Praha
|b Svojtka & Co.
|c 2010
|
| 300 |
|
|
|a 560 s.
|b fareb fotogr., ilustr., mp.
|c 20cm
|
| 490 |
1 |
|
|a Z řady průvodců Lonely Planet
|
| 500 |
|
|
|a Obsahuje reg.
|
| 500 |
|
|
|a Preložené z angličtiny
|
| 651 |
|
7 |
|a Kuba
|2 SNKPH
|9 17345
|
| 651 |
|
7 |
|a Cuba
|2 SNKPHeng
|9 317356
|
| 655 |
|
7 |
|a turistickí sprievodcovia (publikácie)
|2 SNKPH
|9 191298
|
| 655 |
|
7 |
|a Tourist guidebooks
|2 SNKPHeng
|9 291226
|
| 700 |
1 |
|
|a Kolář, Martin
|4 trl
|9 414871
|
| 700 |
1 |
|
|a Orlando, Daniela,
|d 1977-
|4 trl
|9 203032
|
| 700 |
1 |
|
|a Stařecká, Erika
|4 trl
|9 420787
|
| 830 |
|
0 |
|a Z řady průvodců Lonely Planet
|9 315341
|
| 919 |
|
|
|a 978-80-256-0425-0
|
| 999 |
|
|
|c 671227
|d 673157
|
| 952 |
|
|
|t snkKUB 908.11.9
|a SNKUST
|b SNKUST
|y PREZ
|7 0
|p 17A0675257
|o snkID 98500
|i snk2010/23231
|8 4
|g 19.42
|0 0
|1 0
|4 0
|d 2010-07-15
|l 0
|r 2025-05-28 00:00:00
|w 2026-02-23
|